[Event "España tch 1a Division Sur"]
[Site "Burguillos ESP"]
[Date "2007.08.22"]
[Round "1.132"]
[White "Lara Lopez, Sergio"]
[Black "Garrido Dominguez, Jesus"]
[Result "0-1"]
[WhiteElo "2056"]
[BlackElo "2309"]
[PlyCount "90"]
[EventDate "2007.08.22"]
[EventType "team"]
[EventRounds "1"]
[EventCountry "ESP"]
[EventCategory "1"]
[Source "lmi"]
[SourceDate "2007.08.22"]
[WhiteTeam "La Puerta"]
[BlackTeam "Olivares"]

1. e4 e5 2. Nf3 Nc6 3. Bc4 Bc5 4. c3 Nf6 5. d3 O-O 6. O-O d6 7. Bg5 h6 8. Bh4
Bg4 9. Nbd2 g5 10. Bg3 Nh5 11. b4 Bb6 12. Kh1 Nf4 13. Bxf4 gxf4 14. Qb3 Qf6 15.
a4 a5 16. Bd5 axb4 17. Bxc6 bxc6 18. cxb4 Rfb8 19. Qc4 c5 20. b5 Ba5 21. h3 Be6
22. Qc2 Kh7 23. Nc4 Bb4 24. Qe2 Rg8 25. Ne1 Qh4 26. Nf3 Qh5 27. Ng1 Qg5 28. Qf3
Qh4 29. Qe2 Bg4 30. f3 Be6 31. Qf2 Rg3 32. Qe2 Bc3 33. Ra2 Rag8 34. Rf2 Bd4 35.
Qf1 Bxh3 36. Nxh3 Rxg2 37. Qxg2 Rxg2 38. Kxg2 Qg3+ 39. Kf1 Qxh3+ 40. Ke1 f5 41.
a5 fxe4 42. dxe4 d5 43. Nd2 Qh4 44. Nf1 dxe4 45. a6 Bxf2+ 0-1

[Event "España tch 1a Division Sur"]
[Site "Burguillos ESP"]
[Date "2007.08.22"]
[Round "1.134"]
[White "Alcaraz Cordoba, Sergio"]
[Black "Reales Murto, Manuel J"]
[Result "1/2-1/2"]
[WhiteElo "1876"]
[BlackElo "2249"]
[PlyCount "61"]
[EventDate "2007.08.22"]
[EventType "team"]
[EventRounds "1"]
[EventCountry "ESP"]
[EventCategory "1"]
[Source "lmi"]
[SourceDate "2007.08.22"]
[WhiteTeam "La Puerta"]
[BlackTeam "Olivares"]

1. e4 e6 2. d4 d5 3. exd5 exd5 4. Bd3 Nc6 5. Ne2 Qh4 6. Bf4 Bg4 7. Qd2 Bxe2 8.
Bxe2 Bb4 9. c3 Bd6 10. Bxd6 cxd6 11. O-O Nf6 12. g3 Qh3 13. Qg5 O-O 14. Nd2
Rfe8 15. Bf3 Qe6 16. Rfe1 Qxe1+ 17. Rxe1 Rxe1+ 18. Kg2 Ne4 19. Bxe4 dxe4 20.
Nc4 Rf8 21. Qd2 Ra1 22. a3 Rd8 23. Ne3 d5 24. Nf5 g6 25. Nh6+ Kf8 26. Qf4 Rd7
27. Qf6 Ra2 28. Ng4 Rxb2 29. Qh8+ Ke7 30. Qf6+ Kf8 31. Qh8+ 1/2-1/2

[Event "España tch 1a Division Sur"]
[Site "Burguillos ESP"]
[Date "2007.08.22"]
[Round "1.141"]
[White "Razola, Garcia Joaquin"]
[Black "Ibarra Jerez, Jose Carlos"]
[Result "0-1"]
[WhiteElo "2138"]
[BlackElo "2475"]
[PlyCount "84"]
[EventDate "2007.08.22"]
[EventType "team"]
[EventRounds "1"]
[EventCountry "ESP"]
[EventCategory "1"]
[Source "lmi"]
[SourceDate "2007.08.22"]
[WhiteTeam "Sobre Ruedas"]
[BlackTeam "Totana"]

1. e4 c5 2. Nf3 d6 3. d4 cxd4 4. c3 Nf6 5. Bd3 dxc3 6. Nxc3 Nc6 7. O-O g6 8.
Qe2 Bg4 9. Bb5 Bg7 10. h3 Bxf3 11. Qxf3 Nd7 12. Be3 O-O 13. Rfd1 Qa5 14. Bxc6
bxc6 15. Bd4 Rab8 16. Qe2 Rb4 17. Bxg7 Kxg7 18. b3 Nc5 19. Rac1 f6 20. f4 Ne6
21. g3 Nd4 22. Qf2 e5 23. Kh2 f5 24. Rf1 fxe4 25. Nxe4 exf4 26. gxf4 Nxb3 27.
Rce1 Nd4 28. Nxd6 Qd8 29. Ne4 Qb6 30. Qh4 Rb2+ 31. Kh1 Nf5 32. Qg4 Ne3 33. Qg5
Rb5 34. Qg3 Nxf1 35. Qc3+ Kh6 36. Qc1 Ne3 37. Nc3 Nf5 38. Nxb5 Qf2 39. Rg1 cxb5
40. Rg2 Ng3+ 41. Kh2 Nf1+ 42. Kh1 Qxf4 0-1

[Event "España tch 1a Division Sur"]
[Site "Burguillos ESP"]
[Date "2007.08.22"]
[Round "1.142"]
[White "Jimenez Villena, Francisco Jose"]
[Black "Medina Romero, Jose"]
[Result "1-0"]
[WhiteElo "2275"]
[BlackElo "2062"]
[PlyCount "49"]
[EventDate "2007.08.22"]
[EventType "team"]
[EventRounds "1"]
[EventCountry "ESP"]
[EventCategory "1"]
[Source "lmi"]
[SourceDate "2007.08.22"]
[WhiteTeam "Totana"]
[BlackTeam "Sobre Ruedas"]

1. d4 Nf6 2. Nc3 g6 3. Bg5 Bg7 4. Qd2 h6 5. Bf4 d6 6. e4 Nbd7 7. Bc4 c5 8. e5
cxd4 9. exf6 dxc3 10. Qd5 Nxf6 11. Qxf7+ Kd7 12. O-O-O Ne8 13. Bb5+ Kc7 14.
Bxe8 cxb2+ 15. Kb1 Kb8 16. Qxg7 Rxe8 17. Qxg6 Bd7 18. Nf3 a5 19. Qxh6 Ra6 20.
Rhe1 Ka8 21. Qg7 a4 22. a3 Bb5 23. Bg5 Bc4 24. Rxe7 Rb6 25. Rc7 1-0

[Event "España tch 1a Division Sur"]
[Site "Burguillos ESP"]
[Date "2007.08.22"]
[Round "1.143"]
[White "Baena Cañada, Jesus"]
[Black "Tudela Corbalan, Carlos"]
[Result "0-1"]
[WhiteElo "2088"]
[BlackElo "2196"]
[PlyCount "120"]
[EventDate "2007.08.22"]
[EventType "team"]
[EventRounds "1"]
[EventCountry "ESP"]
[EventCategory "1"]
[Source "lmi"]
[SourceDate "2007.08.22"]
[WhiteTeam "Sobre Ruedas"]
[BlackTeam "Totana"]

1. e4 d6 2. d4 g6 3. Be3 Bg7 4. f3 a6 5. Nc3 Nd7 6. Qd2 b5 7. a4 b4 8. Nd5 a5
9. Nh3 e6 10. Ndf4 Ne7 11. Bc4 Nb6 12. Bb3 Bd7 13. O-O O-O 14. c3 Nc6 15. Nd3
e5 16. d5 bxc3 17. bxc3 Ne7 18. Bh6 Qe8 19. Bxg7 Kxg7 20. Qc2 Bxh3 21. gxh3 Qd7
22. Qg2 Kh8 23. f4 f6 24. Qg3 Ng8 25. c4 Qe7 26. Rac1 Nd7 27. Qe3 Nc5 28. Nxc5
dxc5 29. h4 Qd6 30. h5 Ne7 31. hxg6 Nxg6 32. fxe5 fxe5 33. Kh1 Nf4 34. Rf3 Rf6
35. Rcf1 Raf8 36. Bd1 Ng6 37. Qc3 Rxf3 38. Bxf3 Rf4 39. Qxa5 Qf6 40. Qa8+ Kg7
41. Qc6 Rxf3 42. Qxf6+ Rxf6 43. Ra1 Nh4 44. a5 Ra6 45. Ra3 Kf6 46. h3 Kg5 47.
Rg3+ Kf6 48. Ra3 Ng6 49. Kg2 Ne7 50. Rf3+ Kg6 51. Ra3 Nc8 52. Kf2 Nd6 53. Kf3
Kf6 54. h4 h5 55. Ra4 Nb7 56. Ke3 Rxa5 57. Rxa5 Nxa5 58. Kd3 Nb7 59. Kc3 Nd6
60. Kb3 Nxe4 0-1

[Event "España tch 1a Division Sur"]
[Site "Burguillos ESP"]
[Date "2007.08.22"]
[Round "1.151"]
[White "Garcia-Moral Garcia, Jose Daniel"]
[Black "Fernandez Molina, Victor Manuel"]
[Result "1-0"]
[WhiteElo "2250"]
[BlackElo "1936"]
[PlyCount "89"]
[EventDate "2007.08.22"]
[EventType "team"]
[EventRounds "1"]
[EventCountry "ESP"]
[EventCategory "1"]
[Source "lmi"]
[SourceDate "2007.08.22"]
[WhiteTeam "Peña Barcelonista"]

1. e4 c5 2. Nf3 Nc6 3. d4 cxd4 4. Nxd4 Nf6 5. Nc3 e5 6. Ndb5 d6 7. Bg5 a6 8.
Na3 b5 9. Nd5 Be7 10. Bxf6 Bxf6 11. c3 Be6 12. Nc2 O-O 13. a4 Bxd5 14. Qxd5 Ne7
15. Qd1 Qb6 16. axb5 axb5 17. Rxa8 Rxa8 18. Nb4 Qc5 19. Be2 Rd8 20. Qd3 d5 21.
O-O d4 22. Qxb5 Qxb5 23. Bxb5 Bg5 24. Rd1 Rb8 25. c4 Bf6 26. Nd3 Nc8 27. Bc6
Nb6 28. b3 Kf8 29. c5 Nc8 30. b4 Ke7 31. Ra1 Bg5 32. Ra2 f6 33. Kf1 Kd8 34. Ke2
Kc7 35. Bd5 g6 36. Be6 f5 37. f3 fxe4 38. fxe4 Bf6 39. Bxc8 Rxc8 40. Kd2 Kb7
41. Kc2 Rf8 42. Kb3 Bg7 43. Rf2 Rxf2 44. Nxf2 h5 45. Nd3 1-0

[Event "España tch 1a Division Sur"]
[Site "Burguillos ESP"]
[Date "2007.08.22"]
[Round "1.152"]
[White "Diaz Sanchez, Jose Francisco"]
[Black "Fernandez Barrera, Victor"]
[Result "0-1"]
[WhiteElo "1978"]
[BlackElo "2204"]
[PlyCount "48"]
[EventDate "2007.08.22"]
[EventType "team"]
[EventRounds "1"]
[EventCountry "ESP"]
[EventCategory "1"]
[Source "lmi"]
[SourceDate "2007.08.22"]
[WhiteTeam "Peña Barcelonista"]
[BlackTeam "Almagro"]

1. e4 e6 2. d4 d5 3. exd5 exd5 4. Nf3 Bd6 5. c4 Nf6 6. Nc3 O-O 7. cxd5 Nbd7 8.
Be2 Nb6 9. Bg5 Be7 10. Bxf6 Bxf6 11. Qb3 a5 12. a4 Bf5 13. O-O Qd6 14. Rac1
Rac8 15. Rfe1 Rfd8 16. h3 Qb4 17. Qa2 Bxd4 18. Nxd4 Qxd4 19. Bf3 Qf4 20. Be2
Rd6 21. Nb5 Rg6 22. Bg4 Bxg4 23. hxg4 Rh6 24. g3 Qf3 0-1

[Event "España tch 1a Division Sur"]
[Site "Burguillos ESP"]
[Date "2007.08.22"]
[Round "1.153"]
[White "Salas Romero, Santiago"]
[Black "Garcia Gomez, Jose Manuel"]
[Result "1-0"]
[WhiteElo "2136"]
[BlackElo "1827"]
[PlyCount "89"]
[EventDate "2007.08.22"]
[EventType "team"]
[EventRounds "1"]
[EventCountry "ESP"]
[EventCategory "1"]
[Source "lmi"]
[SourceDate "2007.08.22"]
[WhiteTeam "Almagro"]
[BlackTeam "Peña Barcelonista"]

1. Nf3 d5 2. d4 Nf6 3. c4 e6 4. Nc3 Nbd7 5. Bg5 Be7 6. e3 O-O 7. Rc1 b6 8. cxd5
Nxd5 9. Nxd5 Bxg5 10. Nxc7 Rb8 11. Be2 Bb7 12. O-O Be7 13. d5 Nc5 14. dxe6 Qxc7
15. exf7+ Kh8 16. b4 Rbd8 17. Qc2 Bxf3 18. Bxf3 Bd6 19. bxc5 Bxh2+ 20. Kh1 Rxf7
21. cxb6 axb6 22. Qe4 Qb8 23. g3 Rdf8 24. Bg2 Rxf2 25. Kxh2 Rxa2 26. Rxf8+ Qxf8
27. Qe6 Rd2 28. Rc8 Rd8 29. Rxd8 Qxd8 30. Qd5 Qxd5 31. Bxd5 g6 32. Kh3 Kg7 33.
Kg4 Kf6 34. Kf4 b5 35. g4 h5 36. gxh5 gxh5 37. e4 b4 38. e5+ Kg6 39. Bb3 h4 40.
Kg4 h3 41. Kxh3 Kf5 42. e6 Kf6 43. Kg4 Ke7 44. Kf5 Ke8 45. Kf6 1-0

[Event "España tch 1a Division Sur"]
[Site "Burguillos ESP"]
[Date "2007.08.23"]
[Round "2.11"]
[White "Conquest, Stuart C"]
[Black "Herraiz Hidalgo, Herminio"]
[Result "1/2-1/2"]
[WhiteElo "2546"]
[BlackElo "2481"]
[PlyCount "139"]
[EventDate "2007.08.22"]
[EventType "team"]
[EventRounds "1"]
[EventCountry "ESP"]
[EventCategory "1"]
[Source "lmi"]
[SourceDate "2007.08.22"]
[WhiteTeam "Oberena"]

1. d4 f5 2. g3 Nf6 3. Bg2 g6 4. Nf3 Bg7 5. O-O O-O 6. b4 Nc6 7. b5 Na5 8. Qd3
d5 9. Bf4 Ne4 10. Nbd2 Be6 11. Ng5 Nxg5 12. Bxg5 Re8 13. Nb3 c6 14. bxc6 Nxc6
15. Qd2 Bf7 16. Rab1 Rc8 17. Rfd1 b6 18. c3 Qd7 19. Rbc1 Nd8 20. Bh6 Bf6 21.
Bg5 Bg7 22. Bf4 Nb7 23. Be5 Nd6 24. Bxg7 Kxg7 25. Qf4 Nc4 26. Nd2 Qd6 27. Nf3
Qxf4 28. gxf4 Rc7 29. Ne5 e6 30. Rd3 Rec8 31. h4 h5 32. Nf3 Nb2 33. Re3 Na4 34.
Ng5 Rxc3 35. Rcxc3 Rxc3 36. Nxe6+ Kf6 37. Nd8 Rxe3 38. fxe3 Nc3 39. Nc6 a5 40.
Ne5 Be6 41. Kf2 Nxa2 42. Ke1 Nc3 43. Kd2 Ne4+ 44. Kc2 Bc8 45. Kb3 Be6 46. Kb2
Ng3 47. Kb3 Nxe2 48. Bf1 Ng3 49. Bb5 Ne4 50. Kc2 Nd6 51. Bc6 b5 52. Kb3 b4 53.
Ka4 Nc4 54. Be8 Nxe3 55. Bxg6 Ng2 56. Bxh5 Nxh4 57. Bd1 Ng2 58. Kxa5 Nxf4 59.
Kxb4 Ng2 60. Kc5 Ne3 61. Bf3 f4 62. Nd3 Kg5 63. Kd6 Bg8 64. Kc5 Bf7 65. Ne5 Be6
66. Nd3 Bg8 67. Kd6 Bf7 68. Kc5 Bg6 69. Nxf4 Kxf4 70. Bxd5 1/2-1/2

[Event "España tch 1a Division Sur"]
[Site "Burguillos ESP"]
[Date "2007.08.23"]
[Round "2.12"]
[White "Garcia-Moral Garcia, Jose Daniel"]
[Black "De La Villa Garcia, Jesus Maria"]
[Result "0-1"]
[WhiteElo "2250"]
[BlackElo "2457"]
[PlyCount "102"]
[EventDate "2007.08.22"]
[EventType "team"]
[EventRounds "1"]
[EventCountry "ESP"]
[EventCategory "1"]
[Source "lmi"]
[SourceDate "2007.08.22"]
[BlackTeam "Oberena"]

1. e4 e6 2. d4 d5 3. Nc3 Bb4 4. e5 Ne7 5. a3 Bxc3+ 6. bxc3 b6 7. Nf3 Ba6 8. h4
Bxf1 9. Kxf1 Nbc6 10. a4 Qd7 11. h5 h6 12. g3 Na5 13. Kg2 Nc4 14. Qd3 Nc6 15.
Nh4 O-O-O 16. f4 f6 17. Ng6 Rhe8 18. Ba3 Kb7 19. Rhf1 a5 20. g4 Ka7 21. Kg3 Rc8
22. Rfb1 Rcd8 23. Rf1 Qc8 24. Rfb1 Rd7 25. Rf1 Rf7 26. Rf2 Qd7 27. Qe2 Qd8 28.
Qe1 Kb7 29. Qe2 fxe5 30. fxe5 Rxf2 31. Qxf2 Nxa3 32. Rxa3 Ne7 33. Nf4 Qc8 34.
Ra1 Rf8 35. Qg2 Ka7 36. Rf1 Qd7 37. Rf3 Kb7 38. Qf2 Qc6 39. Qe2 Qxa4 40. Nxe6
Rxf3+ 41. Qxf3 Qxc2 42. Qf8 Qxc3+ 43. Kh4 Qb2 44. Kg3 Qa3+ 45. Kg2 a4 46. Qd8
Qb2+ 47. Kg3 Qc3+ 48. Kg2 Qd2+ 49. Kg3 Qc3+ 50. Kg2 a3 51. Qxe7 a2 0-1

[Event "España tch 1a Division Sur"]
[Site "Burguillos ESP"]
[Date "2007.08.23"]
[Round "2.13"]
[White "Huerga Leache, Mikel"]
[Black "Fernandez Barrera, Victor"]
[Result "1-0"]
[WhiteElo "2370"]
[BlackElo "2204"]
[PlyCount "97"]
[EventDate "2007.08.22"]
[EventType "team"]
[EventRounds "1"]
[EventCountry "ESP"]
[EventCategory "1"]
[Source "lmi"]
[SourceDate "2007.08.22"]
[WhiteTeam "Oberena"]

1. e4 e6 2. d4 d5 3. Nc3 Bb4 4. e5 c5 5. Bd2 Ne7 6. Nce2 Bxd2+ 7. Qxd2 cxd4 8.
f4 Nbc6 9. Nf3 Qb6 10. O-O-O d3 11. cxd3 Bd7 12. Kb1 d4 13. Rc1 Nd5 14. h4 h6
15. g4 Qb4 16. a3 Qxd2 17. Nxd2 Ne3 18. Nc4 Nxg4 19. Rg1 h5 20. Nd6+ Ke7 21.
Bg2 Rab8 22. Bxc6 bxc6 23. Nxd4 Rb6 24. Nc4 Rbb8 25. Na5 Rb6 26. Naxc6+ Bxc6
27. Rxc6 Rhb8 28. b4 Rxb4+ 29. axb4 Rxb4+ 30. Kc2 Rxd4 31. Rb1 g6 32. Rb8 Ne3+
33. Kc3 Rd7 34. Rcc8 Nd5+ 35. Kd2 Rc7 36. Rxc7+ Nxc7 37. Rb7 Kd7 38. Rxa7 Kc6
39. Ke3 Kb6 40. Ra3 Nd5+ 41. Ke4 Kb7 42. Ra5 Ne7 43. d4 Nf5 44. d5 exd5+ 45.
Kxd5 Nxh4 46. Kd6 Ng2 47. Ke7 Nxf4 48. Kxf7 h4 49. e6 1-0

[Event "España tch 1a Division Sur"]
[Site "Burguillos ESP"]
[Date "2007.08.23"]
[Round "2.14"]
[White "Espinosa Aranda, Angel"]
[Black "Navarro Cia, Miguel"]
[Result "1-0"]
[WhiteElo "2184"]
[BlackElo "2356"]
[PlyCount "69"]
[EventDate "2007.08.22"]
[EventType "team"]
[EventRounds "1"]
[EventCountry "ESP"]
[EventCategory "1"]
[Source "lmi"]
[SourceDate "2007.08.22"]
[BlackTeam "Oberena"]

1. e4 e6 2. d4 d5 3. Nc3 Bb4 4. e5 c5 5. a3 Bxc3+ 6. bxc3 Nc6 7. Nf3 Bd7 8. a4
Qa5 9. Qd2 f6 10. Rb1 O-O-O 11. Bb5 a6 12. Bxc6 Bxc6 13. Ba3 Qxa4 14. Bxc5 Bb5
15. Qd1 Qa5 16. Kd2 fxe5 17. Nxe5 Nf6 18. f3 Nd7 19. Nxd7 Rxd7 20. Re1 Re8 21.
Re5 Qd8 22. Qe1 b6 23. Bb4 Qf6 24. Qe3 Kb7 25. g3 h6 26. f4 Rc7 27. f5 Bd7 28.
Ba5 Rc6 29. c4 dxc4 30. d5 exd5 31. Rxe8 d4 32. Qe7 Qxf5 33. Qe5 Qf2+ 34. Qe2
c3+ 35. Kc1 1-0

[Event "España tch 1a Division Sur"]
[Site "Burguillos ESP"]
[Date "2007.08.23"]
[Round "2.21"]
[White "Galego, Luis"]
[Black "Razmyslov, Alexander"]
[Result "1-0"]
[WhiteElo "2524"]
[BlackElo "2354"]
[PlyCount "95"]
[EventDate "2007.08.22"]
[EventType "team"]
[EventRounds "1"]
[EventCountry "ESP"]
[EventCategory "1"]
[Source "lmi"]
[SourceDate "2007.08.22"]

1. c4 e6 2. d4 Nf6 3. Nf3 b6 4. g3 Ba6 5. Qa4 Bb7 6. Bg2 c5 7. O-O cxd4 8. Nxd4
Bxg2 9. Kxg2 Be7 10. Nc3 O-O 11. Rd1 Qc8 12. e4 a6 13. f3 d6 14. Be3 Ra7 15.
Ndb5 Rd7 16. Na3 Rc7 17. Bf4 Rc6 18. Rd2 Nbd7 19. Rad1 Ne5 20. Qb3 Nfd7 21. Ne2
g5 22. Bxe5 Nxe5 23. Nd4 Rc7 24. Qxb6 Nxc4 25. Nxc4 Rxc4 26. b3 Rc3 27. Ne2 Rc5
28. Qb4 Qc7 29. Qd4 Rb8 30. g4 a5 31. Ng3 Rb4 32. Qa1 a4 33. Nh5 e5 34. bxa4
Rc2 35. Kh3 Rxa4 36. Qb1 Rc3 37. Rd3 Rxd3 38. Rxd3 Rc4 39. Rb3 Qc5 40. Rb8+ Bf8
41. Qb6 Qxb6 42. Rxb6 Ra4 43. Rb2 Be7 44. Ng3 Kg7 45. Nf5+ Kf6 46. Rb7 Bf8 47.
Rb8 d5 48. Rb6+ 1-0

[Event "España tch 1a Division Sur"]
[Site "Burguillos ESP"]
[Date "2007.08.23"]
[Round "2.22"]
[White "Garrido Dominguez, Jesus"]
[Black "Fernandez Romero, Ernesto"]
[Result "0-1"]
[WhiteElo "2309"]
[BlackElo "2450"]
[PlyCount "116"]
[EventDate "2007.08.22"]
[EventType "team"]
[EventRounds "1"]
[EventCountry "ESP"]
[EventCategory "1"]
[Source "lmi"]
[SourceDate "2007.08.22"]

1. e4 e6 2. d4 d5 3. Nd2 Nf6 4. e5 Nfd7 5. Bd3 c5 6. c3 Nc6 7. Ne2 cxd4 8. cxd4
f6 9. exf6 Nxf6 10. Nf3 Bd6 11. O-O O-O 12. Bf4 Bxf4 13. Nxf4 Ng4 14. Nh5 g6
15. Ng3 Qb6 16. Bc2 Qxb2 17. Rb1 Qa3 18. Ng5 Nf6 19. h4 Qd6 20. f4 Ne4 21.
N3xe4 dxe4 22. Bxe4 Qxd4+ 23. Qxd4 Nxd4 24. Kh2 Rb8 25. h5 h6 26. Nf3 Nxf3+ 27.
Rxf3 gxh5 28. Rb5 Bd7 29. Rxh5 Rf6 30. Rc3 Rxf4 31. Rg3+ Kf7 32. Rxh6 Rxe4 33.
Rh7+ Kf6 34. Rxd7 a5 35. a3 b5 36. Rf3+ Ke5 37. Ra7 a4 38. Ra6 Kd5 39. Rg3 Rh8+
40. Kg1 Rc8 41. Rd3+ Kc4 42. Rad6 Rc5 43. Rf3 e5 44. Rb6 Rd4 45. Rf1 Rd3 46.
Rc1+ Rc3 47. Ra1 Rc2 48. Rb1 Rc3 49. Rb4+ Kd3 50. Rf6 e4 51. Rd6+ Kc2 52. Rxe4
Rxa3 53. Rf6 Rd3 54. Rf2+ Kb3 55. Re1 a3 56. Rb1+ Ka4 57. Rf8 Rb3 58. Rbf1 b4
0-1

[Event "España tch 1a Division Sur"]
[Site "Burguillos ESP"]
[Date "2007.08.23"]
[Round "2.23"]
[White "Glud, Jakob Vang"]
[Black "Barrero Garcia, Carlos"]
[Result "1-0"]
[WhiteElo "2424"]
[BlackElo "2297"]
[PlyCount "59"]
[EventDate "2007.08.22"]
[EventType "team"]
[EventRounds "1"]
[EventCountry "ESP"]
[EventCategory "1"]
[Source "lmi"]
[SourceDate "2007.08.22"]

1. c4 Nf6 2. g3 e5 3. Bg2 c6 4. d4 Bb4+ 5. Bd2 Bxd2+ 6. Qxd2 d6 7. Nc3 O-O 8.
Rd1 Qe7 9. e3 e4 10. Nge2 d5 11. Qc2 Na6 12. O-O Bg4 13. cxd5 cxd5 14. h3 Bf3
15. Bxf3 exf3 16. Nf4 Qd7 17. Qa4 Qf5 18. Qb5 Nc7 19. Qd3 Qd7 20. e4 g5 21.
Nfxd5 Ncxd5 22. exd5 Nxd5 23. Qxf3 Nxc3 24. bxc3 Qxh3 25. Qxb7 Rac8 26. d5 Rb8
27. Qxa7 f5 28. Qe7 Rb7 29. Qxb7 f4 30. Qe7 1-0

[Event "España tch 1a Division Sur"]
[Site "Burguillos ESP"]
[Date "2007.08.23"]
[Round "2.24"]
[White "Reales Murto, Manuel J"]
[Black "Mascaro March, Pedro"]
[Result "1-0"]
[WhiteElo "2249"]
[BlackElo "2390"]
[PlyCount "91"]
[EventDate "2007.08.22"]
[EventType "team"]
[EventRounds "1"]
[EventCountry "ESP"]
[EventCategory "1"]
[Source "lmi"]
[SourceDate "2007.08.22"]

1. Nf3 c5 2. b3 Nc6 3. Bb2 d6 4. e3 Bg4 5. h3 Bh5 6. c4 e6 7. Be2 Nf6 8. Nc3
Be7 9. O-O O-O 10. Rc1 Qa5 11. d3 a6 12. g4 Bg6 13. Nh4 d5 14. Nxg6 hxg6 15. g5
Ne8 16. cxd5 exd5 17. Nxd5 Bxg5 18. Qc2 Nf6 19. Bc3 Qa3 20. Nb6 c4 21. Nxa8
cxd3 22. Bxd3 Rxa8 23. Rfd1 Qe7 24. Bxf6 Qxf6 25. Be4 Bh4 26. Rd2 Ne7 27. Bxb7
Rb8 28. Qc7 Rf8 29. Bg2 Rc8 30. Rd8+ Rxd8 31. Qxd8+ Kh7 32. Qd2 Nf5 33. a4 Qe5
34. b4 Be7 35. Qc3 Qb8 36. Rb1 Bf6 37. Qc4 Qd6 38. b5 axb5 39. axb5 Bd8 40. Qd5
Qf6 41. Qc6 Qe5 42. Qd5 Qf6 43. Qc6 Qe5 44. b6 Be7 45. b7 Bd6 46. Qxd6 1-0

[Event "España tch 1a Division Sur"]
[Site "Burguillos ESP"]
[Date "2007.08.23"]
[Round "2.32"]
[White "Jimenez Villena, Francisco Jose"]
[Black "Soto Perez, Sergio"]
[Result "1/2-1/2"]
[WhiteElo "2275"]
[BlackElo "2336"]
[PlyCount "90"]
[EventDate "2007.08.22"]
[EventType "team"]
[EventRounds "1"]
[EventCountry "ESP"]
[EventCategory "1"]
[Source "lmi"]
[SourceDate "2007.08.22"]

1. d4 Nf6 2. Nc3 d5 3. Bg5 e6 4. e4 Bb4 5. e5 h6 6. Bd2 Bxc3 7. bxc3 Ne4 8. Qg4
g6 9. h4 c5 10. Bd3 Nxd2 11. Kxd2 Nc6 12. Qf4 cxd4 13. cxd4 Qe7 14. Nf3 b6 15.
h5 g5 16. Qf6 Qxf6 17. exf6 Bd7 18. c3 g4 19. Nh4 O-O-O 20. Rae1 Rhg8 21. f4
gxf3 22. gxf3 Rg5 23. f4 Rg3 24. Reg1 Rdg8 25. Nf3 Nb8 26. Rxg3 Rxg3 27. Ne5
Be8 28. Bg6 fxg6 29. hxg6 Bxg6 30. Rxh6 Nd7 31. Rxg6 Rxg6 32. Nxg6 Nxf6 33. Nf8
Nh5 34. Nxe6 Kd7 35. f5 Ng3 36. Nf4 Kd6 37. a4 Nxf5 38. Nd3 Ne7 39. Ne5 Nc6 40.
Nxc6 Kxc6 41. Kd3 b5 42. axb5+ Kxb5 43. c4+ dxc4+ 44. Kc3 a5 45. d5 a4 1/2-1/2

[Event "España tch 1a Division Sur"]
[Site "Burguillos ESP"]
[Date "2007.08.23"]
[Round "2.33"]
[White "Camacho Collados, Jose"]
[Black "Garre Murcia, Pedro"]
[Result "1-0"]
[WhiteElo "2269"]
[BlackElo "2205"]
[PlyCount "54"]
[EventDate "2007.08.22"]
[EventType "team"]
[EventRounds "1"]
[EventCountry "ESP"]
[EventCategory "1"]
[Source "lmi"]
[SourceDate "2007.08.22"]
[WhiteTeam "Motril"]

1. e4 c5 2. Nf3 e6 3. d4 cxd4 4. Nxd4 a6 5. g3 Ne7 6. Bg2 Nbc6 7. Nb3 Na5 8.
Bf4 Nec6 9. Bd6 Bxd6 10. Qxd6 Nc4 11. Qc5 N4e5 12. f4 Ng4 13. Bf3 d6 14. Qc3
Nf6 15. N1d2 O-O 16. O-O-O d5 17. Nc4 Ne7 18. Ne5 Qb6 19. Nc5 Qc7 20. Na4 Qd8
21. Qc5 Rb8 22. Nb6 Re8 23. Rhe1 Nc6 24. exd5 exd5 25. Nxd5 Be6 26. Nc3 Qc7 27.
Rd6 Rbc8 1-0

[Event "España tch 1a Division Sur"]
[Site "Burguillos ESP"]
[Date "2007.08.23"]
[Round "2.34"]
[White "Perez Merlos, Ramon"]
[Black "Camacho Collados, Marcos"]
[Result "0-1"]
[WhiteElo "2127"]
[BlackElo "2239"]
[PlyCount "97"]
[EventDate "2007.08.22"]
[EventType "team"]
[EventRounds "1"]
[EventCountry "ESP"]
[EventCategory "1"]
[Source "lmi"]
[SourceDate "2007.08.22"]

1. d4 Nf6 2. c4 g6 3. Nc3 Bg7 4. g3 O-O 5. Bg2 c6 6. Nf3 d6 7. O-O Qb6 8. e4
Bg4 9. h3 Bxf3 10. Bxf3 Nfd7 11. d5 Qb4 12. Be2 Bxc3 13. bxc3 Qxc3 14. Rb1 Nc5
15. Bb2 Qa5 16. e5 dxe5 17. Bxe5 Nbd7 18. Ba1 Qxa2 19. Qd4 f6 20. Bg4 Qa6 21.
Rfe1 Rfe8 22. Re3 cxd5 23. Bxd7 Nxd7 24. Qxd5+ Kf8 25. Qxd7 Rad8 26. Qe6 Qxe6
27. Rxe6 Kf7 28. Rbe1 Rd1 29. Bc3 Rxe1+ 30. Rxe1 Rc8 31. Bb4 e5 32. c5 Rd8 33.
Ba5 Rd7 34. Rb1 Ke6 35. Kf1 Kd5 36. Rd1+ Kc6 37. Rxd7 Kxd7 38. Ke2 Kc6 39. Bb4
Kb5 40. Ba3 Ka4 41. Bc1 Kb3 42. f4 e4 43. f5 gxf5 44. Ke3 a5 45. Kf4 Kc2 46.
Ba3 Kd2 47. g4 e3 48. Kf3 e2 49. Kf2 0-1

[Event "España tch 1a Division Sur"]
[Site "Burguillos ESP"]
[Date "2007.08.23"]
[Round "2.42"]
[White "Spraggett, Kevin"]
[Black "Alonso Garcia, Rene"]
[Result "1/2-1/2"]
[WhiteElo "2585"]
[BlackElo "2384"]
[PlyCount "70"]
[EventDate "2007.08.22"]
[EventType "team"]
[EventRounds "1"]
[EventCountry "ESP"]
[EventCategory "1"]
[Source "lmi"]
[SourceDate "2007.08.22"]
[WhiteTeam "Sestao Naturgas"]
[BlackTeam "Laurus Ronda"]

1. e4 e5 2. Nf3 Nc6 3. Bb5 a6 4. Ba4 Nf6 5. O-O Be7 6. Re1 b5 7. Bb3 d6 8. c3
O-O 9. h3 Na5 10. Bc2 c5 11. d4 Qc7 12. Nbd2 cxd4 13. cxd4 Nc6 14. Nb3 a5 15.
Be3 a4 16. Nbd2 Be6 17. a3 Rfc8 18. Bd3 Bd7 19. Qe2 Qb8 20. Reb1 Na5 21. b4
axb3 22. Nxb3 Nc4 23. Bc1 Qc7 24. d5 Ra4 25. Nbd2 g6 26. Nxc4 bxc4 27. Bc2 Ra5
28. Rb4 Nh5 29. Rab1 Nf4 30. Bxf4 exf4 31. Rb7 Qd8 32. Qd2 Rxa3 33. Qxf4 Ra2
34. Nd4 Be8 35. R1b6 Ra1+ 1/2-1/2

[Event "España tch 1a Division Sur"]
[Site "Burguillos ESP"]
[Date "2007.08.23"]
[Round "2.44"]
[White "Gomez Esteban, Juan Mario"]
[Black "Naranjo Moreno, Antonio"]
[Result "1-0"]
[WhiteElo "2482"]
[BlackElo "2240"]
[PlyCount "87"]
[EventDate "2007.08.22"]
[EventType "team"]
[EventRounds "1"]
[EventCountry "ESP"]
[EventCategory "1"]
[Source "lmi"]
[SourceDate "2007.08.22"]
[BlackTeam "Laurus Ronda"]

1. d4 Nf6 2. c4 g6 3. Nc3 Bg7 4. e4 d6 5. Be2 O-O 6. Bg5 h6 7. Be3 c5 8. e5
dxe5 9. dxe5 Qxd1+ 10. Rxd1 Ng4 11. Bxc5 Nxe5 12. Bxe7 Re8 13. Nd5 Na6 14. b3
Bf5 15. f3 Rac8 16. Kf2 Nc6 17. Nf6+ Bxf6 18. Bxf6 Nab4 19. Rd2 Ne5 20. g4 Bb1
21. a3 Nbd3+ 22. Kg3 Nc5 23. b4 Na4 24. c5 Re6 25. Bxe5 Rxe5 26. Nh3 Nc3 27.
Bc4 b5 28. Rc1 Re3 29. Kf2 Rce8 30. Bf1 f5 31. g5 hxg5 32. Nxg5 f4 33. Nh3 Rf8
34. Bd3 Ne4+ 35. Bxe4 Bxe4 36. Ng5 Bd3 37. Rc3 Re5 38. Rcxd3 Rxg5 39. Rd8 Rh5
40. Kg2 Rg5+ 41. Kh3 Re5 42. c6 Re7 43. Kg4 Rc7 44. R2d6 1-0